000
00311nam a22001337a 4500
008
181204b xxu||||| |||| 00| 0 eng d
020
_a
9780072452693
041
_a
eng
080
_a
336
100
_a
56
101
_a
FIN
245
_a
Money, Banking, and Financial Markets
_c
Cecchetti,S.G
942
_2
udc
_c
BK
999
_c
52831
_d
52831